| 000 | 00540nam a2200169 i 4500 | ||
|---|---|---|---|
| 001 | 69251 | ||
| 003 | ES-MaACL | ||
| 005 | 20230906170456.0 | ||
| 007 | t| | ||
| 008 | 040702s1944 sp ||||1| spa d | ||
| 100 | 1 |
_aGarcía Alvarez, Sixto. _954157 |
|
| 245 | 1 | 4 |
_aLa "O.I." (persona jurídica mercantil), nuevo ente para el artículo 122 del Código de Comercio / _cSixto García Alvarez. |
| 260 |
_aMadrid : _b[Espasa-Calpe], _c1944. |
||
| 300 |
_a158 p. ; _c20 cm. |
||
| 502 | _aTesis doctoral. | ||
| 852 |
_aES-MaACL _jB-10392 _bR.22215 |
||
| 999 |
_c69251 _d69251 |
||